Factores que afectan la salud de los docentes en el desempeño académico de la Universidad Adventista Dominicana, extensión Santo Domingo (UNAD) y Federico Henríquez y Carvajal. Enero-Mayo 2012 (Record no. 674)

MARC details
000 -LEADER
campo de control de longitud fija 02649nam a2200565Ia 4500
001 - NÚMERO DE CONTROL
campo de control 748
008 - DATOS DE LONGITUD FIJA--INFORMACIÓN GENERAL
campo de control de longitud fija 241029s9999 xx 000 0 und d
010 ## - NÚMERO DE CONTROL DE LA BIBLIOTECA DEL CONGRESO
Número de control de LC 674
041 ## - CÓDIGO DE IDIOMA
Código de lengua del texto/banda sonora o título independiente Español
082 ## - NÚMERO DE LA CLASIFICACIÓN DECIMAL DEWEY
Número de clasificación NO APLICA
245 #0 - MENCIÓN DEL TÍTULO
Título Factores que afectan la salud de los docentes en el desempeño académico de la Universidad Adventista Dominicana, extensión Santo Domingo (UNAD) y Federico Henríquez y Carvajal. Enero-Mayo 2012
260 ## - PUBLICACIÓN, DISTRIBUCIÓN, ETC.
Lugar de publicación, distribución, etc. Santo Domingo
300 ## - DESCRIPCIÓN FÍSICA
Extensión 127
520 ## - RESUMEN, ETC.
Sumario, etc. 6
520 ## - RESUMEN, ETC.
Sumario, etc. El objetivo de este estudio es determinar los factores que afectan la salud laboral de los docentes y su repercusión en el desempeño académico de la Universidad Nacional Adventista extensión Santo Domingo, (UNAD) y la Universidad Federico Henríquez y Carvajal (UFHEC), enero-mayo 2012.Se trata de un estudio que responde a un diseño no experimental porque se observaron los eventos y fenómenos tal como ocurren naturalmente, sin intervenir en su desarrollo. La población escogida para este estudio fueron 85 docentes de la UNAD y 44 de la UFHEC, de los cuales se tomaron 32 de la UNAD y 16 de la UFHEC como muestra.Entre los principales hallazgos está que los docentes de la UNAD se chequean anualmente con su médico y usan medicamentos y dietas. Asisten a sus trabajos enfermos, no existe servicio médico interno durante su jornada laboral, no tienen seguro médico en la institución, la universidad no cuenta con sustitutos de docentes en caso de problemas de salud.  En la UFHEC los docentes padecen de alergias, hipertensión arterial, problemas visuales, circulatorios y estrés.
630 ## - PUNTO DE ACCESO ADICIONAL DE MATERIA--TÍTULO UNIFORME
Título uniforme Desempeño Docente
630 ## - PUNTO DE ACCESO ADICIONAL DE MATERIA--TÍTULO UNIFORME
Título uniforme Docentes
630 ## - PUNTO DE ACCESO ADICIONAL DE MATERIA--TÍTULO UNIFORME
Título uniforme Factores
630 ## - PUNTO DE ACCESO ADICIONAL DE MATERIA--TÍTULO UNIFORME
Título uniforme Salud Escolar
650 ## - PUNTO DE ACCESO ADICIONAL DE MATERIA--TÉRMINO DE MATERIA
Término de materia o nombre geográfico como elemento de entrada Ejes Transversales (Educación y Salud)
690 ## - PUNTO DE ACCESO ADICIONAL DE MATERIA LOCAL--TÉRMINO DE MATERIA (OCLC, RLIN)
Término de materia o nombre geográfico como elemento inicial Sintetizado
700 ## - ENTRADA AGREGADA--NOMBRE PERSONAL
Término indicativo de función/relación asesor
Nombre de persona Torres, Brígida
700 ## - ENTRADA AGREGADA--NOMBRE PERSONAL
Término indicativo de función/relación autor
Nombre de persona De La Cruz , Gladys
700 ## - ENTRADA AGREGADA--NOMBRE PERSONAL
Término indicativo de función/relación autor
Nombre de persona Lega, Emilia
901 ## - ELEMENTOS DE DATOS A LOCAL LDA (RLIN)
a {"1":" De La Cruz ","2":" Lega"}
b {"1":"Gladys","2":"Emilia"}
902 ## - ELEMENTOS DE DATOS B LOCAL, LDB (RLIN)
a 1
903 ## - ELEMENTOS DE DATOS C LOCAL, LDC (RLIN)
a {"1":"Torres"}
b {"1":"Brígida "}
904 ## - ELEMENTOS DE DATOS D LOCAL, LDD (RLIN)
a Magíster en
905 ## - ELEMENTOS DE DATOS E LOCAL, LDE (RLIN)
a Docencia Universitaria
906 ## - ELEMENTOS DE DATOS F LOCAL, LDF (RLIN)
a 2
907 ## - ELEMENTOS DE DATOS G LOCAL, LDG (RLIN)
a NO APLICA
908 ## - COLOCAR PARÁMETRO DE COMANDO (RLIN)
Colocar parámetro de comando NO APLICA
909 ## -
-- Universidad Adventista Dominicana (UNAD)
910 ## - DATOS DE OPCIÓN DEL USUARIO (OCLC)
Datos de opción del usuario NULL
-- NULL
911 ## - EQUIVALENCIA O REFERENCIA-CRUZADA-NOMBRE DE CONFERENCIA O REUNIÓN/CONGRESO [LOCAL, CANADÁ]
Nombre de congreso/reunión o jurisdicción como elemento de entrada ["1"]
912 ## -
-- NO APLICA
913 ## -
-- NULL
914 ## -
-- 01 de Septiembre de 2012
915 ## -
-- 12/07/15 06:07
916 ## -
-- NULL
917 ## -
-- NULL
918 ## -
-- NO APLICA
919 ## -
-- ["62","70","243","181"]
921 ## -
-- 28
922 ## -
-- 28
923 ## -
-- 0
924 ## -
-- NO APLICA
942 ## - ELEMENTOS DE ENTRADA SECUNDARIOS (KOHA)
Tipo de ítem Koha

No items available.

© 2024. Todos los Derechos Reservados. Desarrollado por IDEICE